Największe wyspy w Azji - Statystyki

Ogólne statystyki
  • Ten quiz został rozwiązany 269 razy
  • Średni wynik to 8 z 15
Statystyki odpowiedzi
Powierzchnia Odpowiedź % Poprawnych
748 tys. km2 Borneo
84%
139 tys. km2 Jawa
81%
226 tys. km2 Honsiu
75%
443 tys. km2 Sumatra
72%
68 tys. km2 Cejlon
71%
36 tys. km2 Tajwan
69%
79 tys. km2 Hokkaido
68%
181 tys. km2 Celebes
54%
37 tys. km2 Kiusiu
53%
110 tys. km2 Luzon
43%
786 tys. km2 Nowa Gwinea
43%
72 tys. km2 Sachalin
41%
98 tys. km2 Mindanao
31%
28 tys. km2 Timor
28%
33 tys. km2 Hajnan
25%
Nie znaleziono quizów pasujących do podanych kryteriów
Rozkład punktacji
Procent ludzi z każdym wynikiem
Percentyl według liczby udzielonych odpowiedzi
Twoja historia wyników
Nie rozwiązałeś tego quizu